00697nam a2200229Ia 4500008004000000020001800040041000800058082001600066100002200082245004000104260002800144300001100172650001000183650001500193650001200208650001100220650000800231690001900239906001100258999001900269952017900288210210b2012 xxu||||| |||| 00| 0 eng d a9780415501507 aeng a954.14 SENB aSENGUPTA (Jayita) aBarbed wire: borders and partitions aLondonbRoutledgec2012 axv,316 awire: apartitions aborders aBarbed aand aIndian History a068902 c152999d152999 001040708HistoryaALbALcHistoryd2021-02-17eIntact Bookhouse Pvt. Ltd, Bangalore-560050g795.00l1o954.14 SENBp068902r2026-05-19 11:34:19s2026-04-11w2021-02-17yBK